00425nam a22001337a 4500008004100000040005500041080003000096245005600126260003500182300001400217650001900231653001800250700002300268230615b |||||||| |||| 00| 0 eng d aNational Science LibrarycNational Science Library a621.39:621.315(082.2)bN8 aCommunication cables and related technologies EC'98 aAmsterdam: bIOS Press, c1998 ax, 455p.  aCommunication  aTechnologies  aHarmer, A L (Ed.)